Medical Vocabulary #4 - Statistics

General Stats
  • This quiz has been taken 926 times
  • The average score is 20 of 25
Answer Stats
Hint Answer % Correct
A simple sugar that is the body’s main source of energy. Glucose
94%
A tube leading from the eardrum to the outer ear. Ear canal
92%
A test that measures the electrical activity of the heart and detects heart problems. ECG
92%
Test results that show that a disease or substance isn’t present, even though it is. False negative
91%
Tiny single-celled organisms that may cause disease, although most are harmless. Bacteria
90%
The body’s smallest blood vessels; they deliver oxygen and nutrients to tissues. Capillaries
89%
Treating disease by enhancing or suppressing the body’s immune system. Immunotherapy
89%
The most dangerous type of skin cancer. Melanoma
88%
A hormone that regulates the body’s sleep-wake cycle. Melatonin
87%
Hardened, thick skin that forms after repeated friction; often found on hands and the bottom of feet. Callus
86%
Loss of brain function, common among former boxers, caused by repeated blows to the head. Dementia pugilistica
85%
Inflammation of the lining of the stomach. Gastritis
85%
A spinal tap. Lumbar puncture
85%
The slow injection of a fluid into a vein or tissues. Infusion
83%
Hay fever. Allergic rhinitis
82%
Gas expelled through the anus. Flatus
81%
A drug that prevents blood from clotting. Heparin
80%
Dandruff. Seborrheic dermatitis
79%
An infected, diseased, or wounded area of tissue. Lesion
70%
White blood cells that seek out and engulf foreign cells. Neutrophils
67%
A hole in an organ or tissue. Perforation
67%
One of several types of weight loss surgery performed on people who are dangerously overweight, to restrict or reduce food intake and/or absorption. Bariatric
63%
The closing or blocking of a hollow organ or body part. Occlusion
62%
The movement of a body part, such as an arm or leg, away from the center of the body. Abduction
60%
A form of treatment that uses electrical energy, heat, cold, alcohol, or other modalities to destroy a small section of damaged tissue. Ablation
52%
No matching quizzes found
Score Distribution
Percent of People with Each Score
Percentile by Number Answered
Your Score History
You have not taken this quiz